00955nam a2200217 a 450000100100000000500170001000800410002702000180006804000250008608200150011124501420012625000110026826000580027930000210033750000740035850400280043270000360046070000430049695201810053999900170072000004616920201002052701.0150701s2010 dr 000 0 spa d a9789945131444 aDO-SdBNPbspacBNPHU axxxxbxxxx00aAmérica latina desde abajo :bcuando no nos acomodamos a la realidad... /cMarco Coscione coordinador ; prólogo Leopordo Artiles Gil. a3a ed. aSanto Domingo :bMIUCA-Acción por el Cambio,c2010. a275 p. ;c28 cm. aIncluye referencias bibliográficas y notas al pie de las páginas. aBibliografía : p. 27112aCoscione, Marco,ecoord.97122412aArtiles Gil, Leopordo,epról.974213 0010718PDaPDbPDcCTd2015-07-01iLF1l0oxxxx xxxxp46169-10r2020-06-25w2020-06-25yLFPDzPerteneció a la biblioteca personal de Chiqui Vicioso Fidelio D.ZNo se presta c45658d45658